[Event "SVK-ch U12"]
[Site "Liptovsky Mikulas"]
[Date "2018.04.27"]
[Round "9"]
[White "Adamec, Maros"]
[Black "Volanek, Maros"]
[Result "1-0"]
[WhiteElo "1243"]
[BlackElo "1133"]
[PlyCount "111"]
[EventDate "2018.04.21"]
[EventType "swiss"]
[EventRounds "9"]
[EventCountry "SVK"]
[SourceTitle "CBM 184 Extra"]
[Source "ChessBase"]
[SourceDate "2018.06.28"]
[SourceVersion "1"]
[SourceVersionDate "2018.06.28"]
[SourceQuality "1"]

1. e4 c5 2. d4 cxd4 3. c3 dxc3 4. Nxc3 e5 5. Nf3 Nc6 6. Bb5 Bb4 7. Bxc6 bxc6 8. Nxe5 Nf6 9. f3 Qa5 10. Qb3 Bxc3+ 11. Qxc3 Qxc3+ 12. bxc3 Rb8 13. Be3 Rb2 14. 0-0 a5 15. Rfb1 Re2 16. Bb6 a4 17. Rb4 Rc2 18. Rxa4 Rxc3 19. Ra8 0-0 20. a4 d6 21. Bd4 Rc2 22. Nd3 Nd7 23. Rc1 Rxc1+ 24. Nxc1 c5 25. Bc3 Nb6 26. Ra7 Be6 27. a5 Nc4 28. Nd3 h6 29. e5 Rd8 30. exd6 Rxd6 31. Nxc5 Rc6 32. Nxe6 Rxe6 33. Ra8+ Kh7 34. a6 Re7 35. a7 Nb6 36. Rb8 Rxa7 37. Rxb6 f6 38. Bd4 Rd7 39. Rb4 Kg6 40. Kf2 Rf7 41. g4 Rd7 42. Kg3 Rf7 43. h4 Rd7 44. h5+ Kh7 45. Kf4 Rf7 46. Kf5 Rd7 47. Ke6 Rc7 48. Kf5 Rd7 49. Ra4 Rb7 50. Ra7 Rb3 51. f4 Kg8 52. Kg6 Kf8 53. Ra8+ Ke7 54. Kxg7 Rf3 55. Bxf6+ Ke6 56. f5+ 1-0

[Event "SVK-ch U12"]
[Site "Liptovsky Mikulas"]
[Date "2018.04.24"]
[Round "6"]
[White "Adamec, Maros"]
[Black "Koska, Jiri"]
[Result "0-1"]
[WhiteElo "1243"]
[BlackElo "1287"]
[PlyCount "108"]
[EventDate "2018.04.21"]
[EventType "swiss"]
[EventRounds "9"]
[EventCountry "SVK"]
[SourceTitle "CBM 184 Extra"]
[Source "ChessBase"]
[SourceDate "2018.06.28"]
[SourceVersion "1"]
[SourceVersionDate "2018.06.28"]
[SourceQuality "1"]

1. e4 e5 2. Nf3 Nc6 3. d4 exd4 4. Nxd4 Nf6 5. Nc3 Bb4 6. Nxc6 bxc6 7. e5 Nd5 8. Bd2 Nxc3 9. bxc3 Ba5 10. Qf3 0-0 11. Bd3 Qe7 12. Qe4 g6 13. 0-0 f5 14. Bc4+ d5 15. Bxd5+ cxd5 16. Qxd5+ Be6 17. Qxa5 Rfd8 18. Rfd1 Rd5 19. Qb4 Qxb4 20. cxb4 Rad8 21. a3 Rxd2 22. Rxd2 Rxd2 23. Rc1 Re2 24. Kf1 Bc4 25. Kg1 Rxe5 26. f4 Re3 27. c3 Re2 28. a4 Bd5 29. Rd1 c6 30. c4 Bxc4 31. Rd8+ Kf7 32. Rd7+ Re7 33. Rd4 Bd5 34. Kf2 Re4 35. Rxe4 fxe4 36. Ke3 Kf6 37. Kd4 Kf5 38. g3 Kg4 39. b5 cxb5 40. axb5 Ba8 41. Ke3 Kh3 42. Kf2 Kxh2 43. g4 Kh3 44. f5 Kxg4 45. f6 Bd5 46. Ke3 Kf5 47. Kd4 Ba2 48. Kc5 Kxf6 49. Kc6 e3 50. Kb7 e2 51. Kxa7 e1Q 52. b6 Bd5 53. Kb8 Qe8+ 54. Ka7 Qa8# 0-1